[Event "Lumpy Custard Blitz Mayhem #1"]
[Site "SchemingMind.com"]
[Date "2020.05.19"]
[Round "-"]
[White "Clive Everill"]
[Black "John Hamer"]
[Result "0-1"]
[WhiteCountry "CZE"]
[BlackCountry "ENG"]
[WhiteElo "1723"]
[WhiteRD "54"]
[BlackElo "1941"]
[BlackRD "66"]
[GameID "455404"]

1. e4 c6 2. d4 d5 3. Nc3 dxe4 4. Nxe4 Nd7 5. Bc4 Ngf6 6. Ng5 e6 7. Qe2 Nb6 8. Bd3 h6 9. N5f3 c5 10. dxc5 Bxc5
11. Ne5 O-O 12. Ngf3 Nbd5 13. a3 Nd7 14. Bd2 Re8 15. O-O-O Bd6 16. Ng4 a6 17. h4 h5 18. Ngh2 Nc5 19. Bc4 b5 20. Ba2 Bd7
21. Ng5 g6 22. g4 Nf4 23. Qf3 Qf6 24. Kb1 Rac8 25. Bb4 Bc6 26. Qe3 Na4 27. c3 Bxb4 28. axb4 Bxh1 29. Rxh1 Red8 30. Bb3 Rd3
31. Qe4 Nxc3+ 32. bxc3 Qxc3 33. Bxe6 Qc2+
0-1

[Event "Lumpy Custard Blitz Mayhem #1"]
[Site "SchemingMind.com"]
[Date "2020.05.19"]
[Round "-"]
[White "John Hamer"]
[Black "Clive Everill"]
[Result "1-0"]
[WhiteCountry "ENG"]
[BlackCountry "CZE"]
[WhiteElo "1941"]
[WhiteRD "66"]
[BlackElo "1723"]
[BlackRD "54"]
[GameID "455405"]

1. e4 d5 2. Nc3 d4 3. Nce2 g6 4. Ng3 Bg7 5. Bc4 Nc6 6. a3 Na5 7. Ba2 Nf6 8. Nf3 e6 9. O-O O-O 10. Re1 c5
11. b4 cxb4 12. axb4 Nc6 13. b5 Ne7 14. e5 Ne8 15. Ne4 Nf5 16. Ba3 Nfd6 17. Nxd6 Nxd6 18. Bxd6 Re8 19. Nxd4 Qb6 20. c3 Bd7
21. Bc4 Rec8 22. Qe2 f6 23. Nxe6 Kh8 24. Nxg7 Kxg7 25. exf6+ Kxf6 26. Qe5#
1-0

[Event "Lumpy Custard Blitz Mayhem #1"]
[Site "SchemingMind.com"]
[Date "2020.05.19"]
[Round "-"]
[White "Clive Everill"]
[Black "kenneth m day"]
[Result "1/2-1/2"]
[WhiteCountry "CZE"]
[BlackCountry "USA"]
[WhiteElo "1703"]
[WhiteRD "53"]
[BlackElo "1771"]
[BlackRD "48"]
[GameID "455406"]

1. e4 e5 2. Nc3 Nc6 3. Bc4 Nf6 4. d3 Bc5 5. f4 d6 6. Nf3 Bd7 7. Na4 Bb6 8. Nxb6 axb6 9. O-O O-O 10. Ng5 h6
11. Nxf7 Rxf7 12. Bxf7+ Kxf7 13. f5 Qh8 14. c3 Be8 15. Qb3+ Ke7 16. Qe6+ Kd8 17. Qb3 Ke7 18. Qe6+ Kd8 19. h3 Qf8 20. Qb3 Bf7
21. Qd1 Qe8 22. a3 d5 23. Be3 Kc8 24. Qf3 dxe4 25. dxe4 Ra4 26. b4 b5 27. Rfd1 Ra6 28. Rd2 Ne7 29. Bc5 b6 30. Bf2 Ra8
31. Bh4 Kb7 32. Bxf6 gxf6 33. Qe3 h5 34. Qe1 Nc6 35. Qc1 Rd8 36. a4 Bc4 37. axb5 Ne7 38. Rxd8 Qxd8 39. Qa3 Bxb5 40. Qa7+ Kc6
41. Qa2 Kb7 42. Qe6 Qd6 43. Qf7 Nc6 44. Qxh5 Nxb4 45. Rd1 Qc5+ 46. Kh2 Qxc3 47. Qf7 Qc6 48. Re1 Bd3 49. Qb3 Qc4 50. Qxc4 Bxc4
51. h4 Bf7 52. g4 Nd3 53. Re3 Nf4 54. g5 fxg5 55. hxg5 c5 56. Rg3 c4 57. g6 Bg8 58. f6 c3 59. f7 Bxf7 60. gxf7 Ne6
61. Rxc3 b5 62. Kh3 Ng5+ 63. Kg4 Nxf7 64. Kf5 Nd6+ 65. Kxe5 Nc4+ 66. Kd4 Kc6 67. Rxc4+ bxc4 68. Kxc4 Kd6 69. Kd4 Ke6 70. e5 Ke7
71. Kd5 Kd7 72. e6+ Ke7 73. Ke5 Ke8 74. Kf6 Kf8 75. Kf5 Ke7 76. Ke5 Ke8 77. Kd6 Kd8 78. e7+=
1/2-1/2

[Event "Lumpy Custard Blitz Mayhem #1"]
[Site "SchemingMind.com"]
[Date "2020.05.19"]
[Round "-"]
[White "kenneth m day"]
[Black "Clive Everill"]
[Result "1-0"]
[WhiteCountry "USA"]
[BlackCountry "CZE"]
[WhiteElo "1771"]
[WhiteRD "48"]
[BlackElo "1703"]
[BlackRD "53"]
[GameID "455407"]

1. e4 d5 2. exd5 Qxd5 3. Nc3 Qa5 4. d4 Nf6 5. Bd2 c6 6. Nf3 Bf5 7. Bc4 e6 8. Nd5 Qd8 9. Nxf6+ gxf6 10. O-O Bd6
11. Re1 Nd7 12. Nh4 Bg6 13. Nxg6 hxg6 14. h3 Qb6 15. Bc3 Qc7 16. Qf3 O-O-O 17. Rad1 Rh4 18. Re4 Rdh8 19. Rxh4 Rxh4 20. Re1 Rf4
21. Qe3 Rh4 22. Bd2 b5 23. Bd3 f5 24. c3 f4 25. Qf3 e5 26. dxe5 Nxe5 27. Qe2 f3 28. Qe3 fxg2 29. Be4 Nc4 30. Qd3 Nxb2
31. Qf3 Nc4 32. Bg5 Rh8 33. Qxg2 Qd7 34. Bxc6 Qf5 35. Bf3 Kc7 36. Qg4 Qc5 37. Bf6 Rh5 38. Qe4 Qb6 39. Qe8 Qb8 40. Qc6#
1-0

[Event "Lumpy Custard Blitz Mayhem #1"]
[Site "SchemingMind.com"]
[Date "2020.05.19"]
[Round "-"]
[White "Paul7926"]
[Black "Clive Everill"]
[Result "0-1"]
[WhiteCountry "ENG"]
[BlackCountry "CZE"]
[WhiteElo "1397"]
[WhiteRD "71"]
[BlackElo "1703"]
[BlackRD "53"]
[GameID "455409"]

1. e4 d5 2. exd5 Qxd5 3. Nc3 Qa5 4. Nf3 Nf6 5. Bc4 Bg4 6. O-O e6 7. d4 c6 8. h3 Bh5 9. Bd2 Qc7 10. Qc1 Bxf3
11. gxf3 Bd6 12. Kg2 Nh5 13. Rg1 Nd7 14. Bg5 f6 15. Be3 e5 16. d5 c5 17. a3 a6 18. b4 b5 19. Bd3 cxb4 20. axb4 Qxc3
21. Qa3 Qxb4 22. Qxb4 Bxb4 23. Rgb1 Bc3 24. Ra3 b4 25. Ra4 O-O 26. Bxa6 Bd4 27. Rbxb4 Bxe3 28. fxe3 Nc5 29. Ra5 Rxa6 30. Rxc5 Rd6
31. Rb7 Rfd8 32. c4 f5 33. e4 Nf4+ 34. Kg3 Rg6+ 35. Kh4 Rh6+ 36. Kg5 Rh5#
0-1

[Event "Lumpy Custard Blitz Mayhem #1"]
[Site "SchemingMind.com"]
[Date "2020.05.19"]
[Round "-"]
[White "Clive Everill"]
[Black "Wojtek26"]
[Result "0-1"]
[WhiteCountry "CZE"]
[BlackCountry "POL"]
[WhiteElo "1703"]
[WhiteRD "53"]
[BlackElo "1696"]
[BlackRD "60"]
[GameID "455410"]

1. e4 e5 2. Nc3 Nf6 3. f4 d6 4. Nf3 Nc6 5. Bc4 Be7 6. d3 O-O 7. O-O Bg4 8. h3 Bxf3 9. Qxf3 Nd4 10. Qd1 Nd7
11. Nd5 c6 12. Nxe7+ Qxe7 13. f5 b5 14. Bb3 a5 15. a3 Nxb3 16. cxb3 Nf6 17. Bg5 h6 18. Bh4 Rac8 19. Rf3 b4 20. axb4 axb4
21. Qd2 c5 22. Rg3 Kh8 23. Ra4 Ra8 24. Kh2 Rg8 25. Qf2 Rxa4 26. bxa4 Qe8 27. Bxf6 gxf6 28. Rxg8+ Qxg8 29. Qh4 Kg7 30. g4 Qe8
31. b3 Qe7 32. Qf2 Qd8 33. h4 Qe7 34. Kh3 Qd8 35. Qc2 Qb6 36. Qc4 Qd8 37. Qa6 d5 38. Qc6 c4 39. bxc4 dxe4 40. dxe4 b3
41. Qb5 Qd3+ 42. Kg2 Qc2+ 43. Kf3 b2 44. g5 b1=Q 45. gxf6+ Kxf6 46. Qc6+ Kg7 47. Qg6+ fxg6
0-1

[Event "Lumpy Custard Blitz Mayhem #1"]
[Site "SchemingMind.com"]
[Date "2020.05.19"]
[Round "-"]
[White "Wojtek26"]
[Black "Clive Everill"]
[Result "1-0"]
[WhiteCountry "POL"]
[BlackCountry "CZE"]
[WhiteElo "1696"]
[WhiteRD "60"]
[BlackElo "1703"]
[BlackRD "53"]
[GameID "455411"]

1. d4 f5 2. c4 Nf6 3. Bf4 e6 4. Nf3 Bb4+ 5. Bd2 Qe7 6. a3 Bxd2+ 7. Nbxd2 a5 8. e3 O-O 9. Be2 c6 10. O-O Na6
11. Ne5 d6 12. Nd3 Nc7 13. h3 b5 14. c5 d5 15. b4 a4 16. Ne5 Bb7 17. Ndf3 Ne4 18. Bd3 Ne8 19. Rc1 N8f6 20. Nd2 Nxd2
21. Qxd2 Ne4 22. Bxe4 fxe4 23. Qe2 Rf5 24. g4 Rff8 25. f3 Qh4 26. Kh2 Rf6 27. Qf2 Qxf2+ 28. Rxf2 h6 29. Rcf1 g5 30. Nd7 Rf7
31. Ne5 Rf6 32. f4 gxf4 33. Rxf4 Rxf4 34. Rxf4 Rf8 35. Rxf8+ Kxf8 36. Kg3 Kg7 37. Kh4 Kh7 38. Kh5 Kg7 39. g5 hxg5 40. Kxg5 Ba8
41. h4 Bb7 42. h5 Ba8 43. h6+ Kh7 44. Nd7 Bb7 45. Nf6+ Kh8 46. Kg6 Bc8 47. h7 Bd7 48. Nxd7 e5 49. Kh6 exd4 50. Ne5
1-0

[Event "Lumpy Custard Blitz Mayhem #1"]
[Site "SchemingMind.com"]
[Date "2020.05.19"]
[Round "-"]
[White "Phillip Beckett"]
[Black "John Hamer"]
[Result "1/2-1/2"]
[WhiteCountry "ENG"]
[BlackCountry "ENG"]
[WhiteElo "1521"]
[WhiteRD "49"]
[BlackElo "1921"]
[BlackRD "61"]
[GameID "455412"]

1. e4 c6 2. d4 d5 3. Nc3 dxe4 4. Nxe4 Bf5 5. Ng3 Bg6 6. Nf3 Nd7 7. c3 e6 8. Bd3 Ngf6 9. Bg5 Qc7 10. Qd2 Bd6
11. O-O O-O 12. Rfe1 Rfe8 13. Bxg6 hxg6 14. Rad1 Nh7 15. Be3 Nhf8 16. Ne4 Be7 17. Bf4 Qd8 18. Nd6 Bxd6 19. Bxd6 Nf6 20. Bxf8 Rxf8
21. Ne5 Qe7 22. Qf4 Nh5 23. Qd2 Rad8 24. Qe2 Rfe8 25. Nf3 Nf4 26. Qe5 Nd5 27. Qe2 c5 28. dxc5 Qxc5 29. Nd4 e5 30. Nb3 Qc6
31. Qf3 f5 32. Qg3 e4 33. Nd4 Qa6 34. a3 Kf7 35. Nb3 Qf6= 36. Nd4 Qa6 37. Nc2 Qb5 38. Nd4 Qb6 39. Rd2 f4 40. Qg5 a5
41. h4 Kg8 42. h5 gxh5 43. Qxh5 g6 44. Qg5 e3 45. fxe3 fxe3 46. Rde2 Re7 47. Nf3 Rf7 48. c4 Rf5 49. Qg4 Rf4 50. Qg5 Rf5=
1/2-1/2

[Event "Lumpy Custard Blitz Mayhem #1"]
[Site "SchemingMind.com"]
[Date "2020.05.19"]
[Round "-"]
[White "John Hamer"]
[Black "Phillip Beckett"]
[Result "1-0"]
[WhiteCountry "ENG"]
[BlackCountry "ENG"]
[WhiteElo "1941"]
[WhiteRD "66"]
[BlackElo "1530"]
[BlackRD "51"]
[GameID "455413"]

1. b3 b6 2. c4 Bb7 3. Bb2 e6 4. Nf3 f5 5. d3 Nf6 6. Nbd2 Be7 7. Qc2 O-O 8. h3 a5 9. g3 a4 10. Bg2 axb3
11. axb3 Rxa1+ 12. Bxa1 Nc6 13. O-O Na5 14. Bc3 Nc6 15. Ra1 d6 16. Nd4 Nxd4 17. Bxd4 Bxg2 18. Kxg2 e5 19. Bc3 Nh5 20. d4 e4
21. d5 Bf6 22. e3 Bxc3 23. Qxc3 Qd7 24. b4 f4 25. gxf4 Qf5 26. Kh2 g5 27. Rg1 h6 28. Qd4 Kh7 29. fxg5 Qxf2+ 30. Rg2 Qh4
31. Nxe4 hxg5 32. Nxg5+
1-0

[Event "Lumpy Custard Blitz Mayhem #1"]
[Site "SchemingMind.com"]
[Date "2020.05.19"]
[Round "-"]
[White "Phillip Beckett"]
[Black "kenneth m day"]
[Result "0-1"]
[WhiteCountry "ENG"]
[BlackCountry "USA"]
[WhiteElo "1521"]
[WhiteRD "49"]
[BlackElo "1771"]
[BlackRD "48"]
[GameID "455414"]

1. d4 d5 2. e3 Nf6 3. f4 Bf5 4. c3 Nbd7 5. Nf3 e6 6. Ne5 Nxe5 7. fxe5 Ne4 8. g3 Be7 9. Nd2 f6 10. Bg2 Ng5
11. exf6 Bxf6 12. O-O O-O 13. Qe2 Qd6 14. e4 dxe4 15. Nxe4 Nxe4 16. Bxe4 Bh3 17. Bg2 Bxg2 18. Kxg2 Qc6+ 19. Kg1 Rae8 20. Be3 a6
21. Qd2 Qd5 22. Qg2 Qb5 23. Bf4 Rf7 24. Rae1 Qc4 25. a3 c6 26. Qe2 Qb3 27. Be5 Bxe5 28. dxe5 Ref8 29. Rxf7 Rxf7 30. Qd2 Qd5
31. Qxd5 cxd5 32. Rf1 Rxf1+ 33. Kxf1 Kf7 34. Kf2 Kg6 35. Ke3 Kf5 36. Kd4 b6 37. h3 h5 38. b3 g5 39. c4 dxc4 40. bxc4 h4
41. gxh4 gxh4 42. a4 Kf4 43. a5 bxa5 44. c5 a4 45. c6 a3 46. c7 a2 47. c8=Q a1=Q+ 48. Kd3 Qd1+
0-1

[Event "Lumpy Custard Blitz Mayhem #1"]
[Site "SchemingMind.com"]
[Date "2020.05.19"]
[Round "-"]
[White "kenneth m day"]
[Black "Phillip Beckett"]
[Result "1-0"]
[WhiteCountry "USA"]
[BlackCountry "ENG"]
[WhiteElo "1758"]
[WhiteRD "52"]
[BlackElo "1530"]
[BlackRD "51"]
[GameID "455415"]

1. e4 e5 2. f4 Qh4+ 3. g3 Qe7 4. d3 exf4 5. Bxf4 d5 6. Nc3 c6 7. Nf3 dxe4 8. dxe4 Bg4 9. Be2 Nf6 10. Qd3 Nbd7
11. O-O-O O-O-O 12. h3 Be6 13. Qe3 Nb6 14. Rxd8+ Qxd8 15. a4 Bb4 16. Rd1 Qe7 17. Qd4 Bxc3 18. Qxc3 Nxe4 19. Qe5 Nd7 20. Qxe4 Nf6
21. Qe3 Nd5 22. Qxa7 Rd8 23. Qb8+ Kd7 24. Qxb7+ Ke8 25. Qxc6+ Kf8 26. Be5 Ne3 27. Rxd8+ Qxd8 28. Qc5+
1-0

[Event "Lumpy Custard Blitz Mayhem #1"]
[Site "SchemingMind.com"]
[Date "2020.05.19"]
[Round "-"]
[White "Phillip Beckett"]
[Black "Paul7926"]
[Result "1-0"]
[WhiteCountry "ENG"]
[BlackCountry "ENG"]
[WhiteElo "1530"]
[WhiteRD "51"]
[BlackElo "1428"]
[BlackRD "68"]
[GameID "455416"]

1. e4 e5 2. Nf3 Nf6 3. Nxe5 d6 4. Nf3 Be7 5. e5 dxe5 6. Nxe5 O-O 7. Be2 Nbd7 8. Nxd7 Bxd7 9. O-O c5 10. d4 b6
11. dxc5 bxc5 12. Bg5 Rb8 13. b3 Bf5 14. Qxd8
1-0

[Event "Lumpy Custard Blitz Mayhem #1"]
[Site "SchemingMind.com"]
[Date "2020.05.19"]
[Round "-"]
[White "Paul7926"]
[Black "Phillip Beckett"]
[Result "0-1"]
[WhiteCountry "ENG"]
[BlackCountry "ENG"]
[WhiteElo "1428"]
[WhiteRD "68"]
[BlackElo "1530"]
[BlackRD "51"]
[GameID "455417"]

1. e4 e5 2. Nf3 Nc6 3. Bb5 a6 4. Bxc6 dxc6 5. O-O f6 6. d3 Bg4 7. Nc3 Qd7 8. Be3 O-O-O 9. h3 Bh5 10. Qd2 g5
11. a4 Bg6 12. g4 h5 13. gxh5 Qxh3
0-1

[Event "Lumpy Custard Blitz Mayhem #1"]
[Site "SchemingMind.com"]
[Date "2020.05.19"]
[Round "-"]
[White "Phillip Beckett"]
[Black "Wojtek26"]
[Result "0-1"]
[WhiteCountry "ENG"]
[BlackCountry "POL"]
[WhiteElo "1521"]
[WhiteRD "49"]
[BlackElo "1696"]
[BlackRD "60"]
[GameID "455418"]

1. e4 e5 2. Nf3 Nc6 3. Bb5 Nge7 4. O-O a6 5. Ba4 b5 6. Bb3 g6 7. c3 Bg7 8. d3 O-O 9. Nbd2 Bb7 10. Re1 d6
11. Nf1 Qd7 12. Ng3 Na5 13. Bc2 f5 14. exf5 Nxf5 15. Nxf5 Rxf5 16. Nh4 Rff8 17. a4 Bf6 18. Nf3 Qg4 19. axb5 Bxf3 20. Qxf3 Qxf3
21. gxf3 axb5 22. b4 Nc6 23. Bh6 Rfd8 24. Be3 Kf7 25. Kf1 Ne7 26. d4 Nd5 27. dxe5 Bxe5 28. Bd4 Bxh2 29. Bb3 c6 30. Bb6 Re8
31. Rxe8 Rxe8 32. Ra7+ Re7 33. Bxd5+ cxd5 34. Rxe7+ Kxe7 35. Kg2 Bf4 36. Kh3 Kf6 37. Kg4 Bd2 38. Bd4+ Ke6 39. f4 Kf7 40. Kg5 Kg8
41. Kg4 Kf7 42. f5 gxf5+ 43. Kxf5 h6 44. f3 Bc1 45. Kg4 Kg6 46. f4 Bd2 47. Bh8 h5+ 48. Kg3 Kf5 49. Bd4 Be1+
0-1

[Event "Lumpy Custard Blitz Mayhem #1"]
[Site "SchemingMind.com"]
[Date "2020.05.19"]
[Round "-"]
[White "Wojtek26"]
[Black "Phillip Beckett"]
[Result "1-0"]
[WhiteCountry "POL"]
[BlackCountry "ENG"]
[WhiteElo "1696"]
[WhiteRD "60"]
[BlackElo "1521"]
[BlackRD "49"]
[GameID "455419"]

1. d4 d5 2. c4 e6 3. e3 Nf6 4. Nf3 Be7 5. Be2 c6 6. O-O dxc4 7. Bxc4 Nbd7 8. Nbd2 O-O 9. a3 c5 10. dxc5 Nxc5
11. b4 Nd3 12. Nb3 Nxc1 13. Rxc1 Qxd1 14. Rfxd1 Bd7 15. Ne5 Ba4 16. Rd3 Rfd8 17. Rcd1 Rxd3 18. Rxd3 Rd8 19. Rxd8+ Bxd8 20. Nc5 b5
21. Bd3 Bb6 22. Nxa4 bxa4 23. Bc2 Kf8 24. Bxa4 Ke7 25. Nc4 Bd8 26. Ne5 Nd5 27. Nc6+ Kd7 28. Nxa7+ Kc7 29. Nb5+ Kb6 30. Nd6 f6
31. Bd7 Nc7 32. Nc4+ Kb7 33. e4 e5 34. f3 Na6 35. b5 Nc5 36. Bc6+
1-0

[Event "Lumpy Custard Blitz Mayhem #1"]
[Site "SchemingMind.com"]
[Date "2020.05.19"]
[Round "-"]
[White "John Hamer"]
[Black "kenneth m day"]
[Result "1-0"]
[WhiteCountry "ENG"]
[BlackCountry "USA"]
[WhiteElo "1921"]
[WhiteRD "61"]
[BlackElo "1771"]
[BlackRD "48"]
[GameID "455420"]

1. c4 Nf6 2. d4 e5 3. dxe5 Ng4 4. Nf3 Nc6 5. Bf4 Bb4+ 6. Nc3 Bxc3+ 7. bxc3 Qe7 8. Qd5 O-O 9. h3 Nh6 10. e3 Qe6
11. Qd3 Nf5 12. g4 Nfe7 13. Ng5 Qg6 14. Rc1 h6 15. Ne4 d6 16. exd6 cxd6 17. Bxd6 Rd8 18. c5 Be6 19. a3 Rd7 20. f4 Bd5
21. f5 Qh7 22. Bg2 b6 23. c4 Bxe4 24. Bxe4 Rad8 25. Qc3 f6 26. O-O bxc5 27. Bxc5 Ne5 28. Rb1 Kh8 29. Bd4 N7c6 30. c5 Qg8
31. Rbd1 Rb7 32. Qc2 Rbd7 33. Qa4 Nxd4 34. exd4 Nf7 35. Bc6 Rc7 36. Bg2 Ng5 37. h4 Nf7 38. Rfe1 Qf8 39. Qa5 Rdd7 40. c6 Re7
41. d5 Nd6 42. Re6 Qd8 43. Qb4 Rxe6 44. dxe6
1-0

[Event "Lumpy Custard Blitz Mayhem #1"]
[Site "SchemingMind.com"]
[Date "2020.05.19"]
[Round "-"]
[White "kenneth m day"]
[Black "John Hamer"]
[Result "1/2-1/2"]
[WhiteCountry "USA"]
[BlackCountry "ENG"]
[WhiteElo "1771"]
[WhiteRD "48"]
[BlackElo "1921"]
[BlackRD "61"]
[GameID "455421"]

1. e4 c5 2. d4 cxd4 3. c3 Nf6 4. e5 Nd5 5. Nf3 Nc6 6. Bc4 Nb6 7. Bb3 d5 8. cxd4 Bg4 9. Be3 e6 10. Nbd2 Be7
11. h3 Bxf3 12. Nxf3 O-O 13. O-O Rc8 14. Rc1 Qd7 15. a3 Rfd8 16. Re1 a6 17. Qd3 Na5 18. Bc2 g6 19. Bh6 Rc7 20. Qe3 Nac4
21. Qf4 Rdc8 22. Ng5 Bxg5 23. Qxg5 Qd8 24. Qxd8+ Rxd8 25. Rb1 Nxe5 26. Bb3 Nc6 27. Rbc1 Rcc8 28. Be3 Na5 29. Ba2 Nac4 30. Rc2 Nd6
31. Rec1 Nbc4 32. Bf4 Nf5 33. Bg5 Nxd4 34. Bxd8 Nxc2 35. Rxc2 Rxd8 36. Bxc4 dxc4 37. Rxc4 Rd3 38. Rc2 Kf8 39. Kf1 Ke7 40. Ke2 Rb3=
1/2-1/2

[Event "Lumpy Custard Blitz Mayhem #1"]
[Site "SchemingMind.com"]
[Date "2020.05.19"]
[Round "-"]
[White "John Hamer"]
[Black "Paul7926"]
[Result "1-0"]
[WhiteCountry "ENG"]
[BlackCountry "ENG"]
[WhiteElo "1941"]
[WhiteRD "66"]
[BlackElo "1428"]
[BlackRD "68"]
[GameID "455422"]

1. d4 d5 2. Nf3 Nf6 3. g3 Bg4 4. Bg2 e6 5. O-O Bd6 6. Ne5 O-O 7. f3 Bxe5 8. dxe5 Bf5 9. exf6 Qxf6 10. e4 dxe4
11. fxe4 Qd4+ 12. Qxd4
1-0

[Event "Lumpy Custard Blitz Mayhem #1"]
[Site "SchemingMind.com"]
[Date "2020.05.19"]
[Round "-"]
[White "Paul7926"]
[Black "John Hamer"]
[Result "0-1"]
[WhiteCountry "ENG"]
[BlackCountry "ENG"]
[WhiteElo "1397"]
[WhiteRD "71"]
[BlackElo "1921"]
[BlackRD "61"]
[GameID "455423"]

1. e4 Nc6 2. Nf3 e5 3. Bb5 a6 4. Bxc6 dxc6 5. O-O f6 6. Nc3 Bg4 7. d3 Bd6 8. Be3 Ne7 9. h3 Bd7 10. a4 O-O
11. b3 Rc8 12. Ne2 c5 13. c4 Ng6 14. Qd2 Re8
0-1

[Event "Lumpy Custard Blitz Mayhem #1"]
[Site "SchemingMind.com"]
[Date "2020.05.19"]
[Round "-"]
[White "John Hamer"]
[Black "Wojtek26"]
[Result "1-0"]
[WhiteCountry "ENG"]
[BlackCountry "POL"]
[WhiteElo "1921"]
[WhiteRD "61"]
[BlackElo "1696"]
[BlackRD "60"]
[GameID "455424"]

1. b4 e5 2. Bb2 Bxb4 3. Bxe5 Nf6 4. Nf3 Be7 5. Nc3 d6 6. Bg3 O-O 7. e3 Nc6 8. Bb5 Bd7 9. O-O a6 10. Be2 Bg4
11. d4 d5 12. Ne5 Bxe2 13. Qxe2 Nxe5 14. dxe5 Ne8 15. Rad1 c6 16. e4 Qb6 17. Rb1 Qc5 18. Na4 Qa5 19. Rxb7 Qxa4 20. Rxe7 Qxa2
21. exd5 cxd5 22. e6 f6 23. Rd7 Kh8 24. e7 Rg8 25. Rd8 g5 26. Rxa8
1-0

[Event "Lumpy Custard Blitz Mayhem #1"]
[Site "SchemingMind.com"]
[Date "2020.05.19"]
[Round "-"]
[White "Wojtek26"]
[Black "John Hamer"]
[Result "0-1"]
[WhiteCountry "POL"]
[BlackCountry "ENG"]
[WhiteElo "1696"]
[WhiteRD "60"]
[BlackElo "1921"]
[BlackRD "61"]
[GameID "455425"]

1. d4 Nf6 2. c4 d5 3. e3 c6 4. Nf3 e6 5. Be2 Nbd7 6. Nbd2 Bd6 7. a3 O-O 8. c5 Be7 9. b4 Qc7 10. Bb2 h6
11. Qc2 b6 12. O-O Rd8 13. Rfd1 Bb7 14. h3 bxc5 15. bxc5 a6 16. Rab1 a5 17. Bc3 Rab8 18. Nb3 a4 19. Nbd2 Ra8 20. Rb2 Qc8
21. Rdb1 Ba6 22. Bxa6 Qxa6 23. Ne5 Rab8 24. Rxb8 Nxb8 25. Ndf3 Nbd7 26. Rb4 Ra8 27. Nxd7 Nxd7 28. Be1 Bf6 29. Qd1 Qa7 30. Qb1 Qa6
31. Rb6 Nxb6
0-1

[Event "Lumpy Custard Blitz Mayhem #1"]
[Site "SchemingMind.com"]
[Date "2020.05.19"]
[Round "-"]
[White "kenneth m day"]
[Black "Paul7926"]
[Result "1-0"]
[WhiteCountry "USA"]
[BlackCountry "ENG"]
[WhiteElo "1771"]
[WhiteRD "48"]
[BlackElo "1397"]
[BlackRD "71"]
[GameID "455426"]

1. e4 e5 2. Nf3 c5 3. Bc4 f6 4. Nc3 Bd6 5. Nd5 Ne7 6. c3 b6 7. d4 exd4 8. cxd4 cxd4 9. Qxd4 Nec6 10. Qe3 Ba6
11. Qd3 Bxc4 12. Qxc4 Qc7 13. Nxc7+ Bxc7 14. Be3 a6 15. O-O-O b5 16. Qd5 Bb6 17. Bxb6
1-0

[Event "Lumpy Custard Blitz Mayhem #1"]
[Site "SchemingMind.com"]
[Date "2020.05.19"]
[Round "-"]
[White "Paul7926"]
[Black "kenneth m day"]
[Result "0-1"]
[WhiteCountry "ENG"]
[BlackCountry "USA"]
[WhiteElo "1397"]
[WhiteRD "71"]
[BlackElo "1771"]
[BlackRD "48"]
[GameID "455427"]

1. e4 e5 2. Nf3 Nc6 3. Bb5 a6 4. Bxc6 dxc6 5. O-O Ne7 6. Nxe5 Qd4 7. Nd3 Be6 8. Qf3 O-O-O 9. Nc3 Qd7 10. Ne5 Qd6
11. Nxf7 Bxf7 12. Qxf7 Ng6 13. Qf5+ Kb8 14. Re1 Be7 15. d3 Rhf8 16. Qa5 Qc5 17. Qxc5 Bxc5 18. Be3 Bd6 19. a3 Ne5 20. Bd4 Ng4
21. g3 c5 22. Bxg7 Rxf2 23. Re2 Rf7 24. e5 Be7 25. Bf6 Nxf6 26. exf6 Bxf6 27. Rf1 Rdf8 28. h4 Bd4+
0-1

[Event "Lumpy Custard Blitz Mayhem #1"]
[Site "SchemingMind.com"]
[Date "2020.05.19"]
[Round "-"]
[White "kenneth m day"]
[Black "Wojtek26"]
[Result "1-0"]
[WhiteCountry "USA"]
[BlackCountry "POL"]
[WhiteElo "1771"]
[WhiteRD "48"]
[BlackElo "1696"]
[BlackRD "60"]
[GameID "455428"]

1. e4 e5 2. Nf3 Nc6 3. c3 Nf6 4. d4 d6 5. Bb5 exd4 6. cxd4 Bd7 7. Nc3 a6 8. Ba4 b5 9. Bc2 g6 10. Be3 Bg7
11. O-O O-O 12. Rc1 Bg4 13. a3 b4 14. axb4 Nxb4 15. h3 Bxf3 16. Qxf3 Nxc2 17. Rxc2 Re8 18. Rd1 Rb8 19. Rb1 Qd7 20. Rd2 Qc6
21. d5 Qd7 22. b4 Nh5 23. Ne2 Nf6 24. Ng3 Qa4 25. Rd4 Qc2 26. Rc1 Qb3 27. Rdc4 Rxb4 28. Rxc7 Reb8 29. Rc8+
1-0

[Event "Lumpy Custard Blitz Mayhem #1"]
[Site "SchemingMind.com"]
[Date "2020.05.19"]
[Round "-"]
[White "Wojtek26"]
[Black "kenneth m day"]
[Result "1/2-1/2"]
[WhiteCountry "POL"]
[BlackCountry "USA"]
[WhiteElo "1696"]
[WhiteRD "60"]
[BlackElo "1771"]
[BlackRD "48"]
[GameID "455429"]

1. d4 Nf6 2. c4 e5 3. e3 Nc6 4. d5 Ne7 5. Nc3 Ng6 6. e4 Bb4 7. Bd3 d6 8. a3 Bxc3+ 9. bxc3 Bd7 10. Nf3 O-O
11. O-O c6 12. Bg5 h6 13. Bd2 cxd5 14. cxd5 Rc8 15. Rb1 b6 16. Ba6 Rc7 17. Re1 Nf4 18. Bxf4 exf4 19. Nd4 Rxc3 20. a4 Re8
21. Qd2 Rc5 22. f3 Bxa4 23. Qa2 Bd7 24. Nb3 Rc7 25. Rec1 Bc8 26. Rxc7 Qxc7 27. Rc1 Qb8 28. Rxc8 Rxc8 29. Bxc8 Qxc8 30. Qxa7 Qc2
31. Qxb6 Qe2 32. Qb4 Qd1+ 33. Kf2 Qc2+ 34. Kf1=
1/2-1/2

[Event "Lumpy Custard Blitz Mayhem #1"]
[Site "SchemingMind.com"]
[Date "2020.05.19"]
[Round "-"]
[White "Paul7926"]
[Black "Wojtek26"]
[Result "0-1"]
[WhiteCountry "ENG"]
[BlackCountry "POL"]
[WhiteElo "1397"]
[WhiteRD "71"]
[BlackElo "1696"]
[BlackRD "60"]
[GameID "455430"]

1. e4 e5 2. Nf3 Nc6 3. Bb5 Nge7 4. O-O a6 5. Bxc6 Nxc6 6. Nc3 Bb4 7. a3 Ba5 8. b4 Bb6 9. Nd5 d6 10. Nxb6 cxb6
11. d3 O-O 12. c3 Bg4 13. h3 Bh5 14. g4 Bg6 15. Bb2 h6 16. Qd2 Ne7 17. d4 exd4 18. cxd4 Bxe4 19. Qe3 Bd5 20. Rac1 b5
21. Ne5 dxe5 22. dxe5 Bc4 23. Rfd1 Qe8 24. f4 Nd5 25. Qe4 Rd8 26. Kg2 Qc6 27. Kf3 Be2+ 28. Kxe2 Nc3+ 29. Rxc3 Qxe4+
0-1

[Event "Lumpy Custard Blitz Mayhem #1"]
[Site "SchemingMind.com"]
[Date "2020.05.20"]
[Round "-"]
[White "Wojtek26"]
[Black "Paul7926"]
[Result "1-0"]
[WhiteCountry "POL"]
[BlackCountry "ENG"]
[WhiteElo "1696"]
[WhiteRD "60"]
[BlackElo "1397"]
[BlackRD "71"]
[GameID "455431"]

1. d4 d5 2. c4 dxc4 3. e3 Bf5 4. Bxc4 Nf6 5. Nf3 e6 6. O-O Bd6 7. Nbd2 O-O 8. a3 Ne4 9. Nxe4 Bxe4 10. Bd3 Bxd3
11. Qxd3 Nc6 12. b4 Qf6 13. Bb2 e5 14. dxe5 Nxe5 15. Nxe5 Bxe5 16. Bxe5 Qxe5 17. Qb3 Rad8 18. Rfd1 h6 19. Rac1 Qe7 20. Rxd8 Rxd8
21. Qc3 b6 22. Kf1 Rd6 23. Qxc7 Qxc7 24. Rxc7 Rd1+ 25. Ke2 Rh1 26. h3 a5 27. bxa5 bxa5= 28. Ra7 Ra1 29. Rxa5 Ra2+ 30. Kf3 g5
31. a4 Kg7 32. Ra8 Kg6 33. a5 Kf6 34. a6 Kf5 35. a7 f6 36. g4+
1-0